00345nam a2200109Ia 4500008004000000041000800040082001100048100003500059245008300094260004400177300001400221210210b1913 xxu||||| |||| 00| 0 eng d aeng a030/39 aFUNK (Issac K) and Others. Ed. aNew standard dictionary of the english language upon original language. Vol.3. aLondonbEducational Book Co. Ltd.c1913 a1481-2152